| 000 | 00428nam a2200169Ia 4500 | ||
|---|---|---|---|
| 001 | 73379 | ||
| 008 | 160622s9999||||xx |||||||||||||| ||und|| | ||
| 020 | _a9780199068593 | ||
| 040 | _cPK-LaUMT | ||
| 082 |
_a 954.0359 _bLAM-H |
||
| 100 | _aLambert, Richard D. | ||
| 245 |
_aHindu-Muslim riots/ _cLambert, Richard D. |
||
| 260 |
_aOxford,USA: _bOxford University Press, _c2013 |
||
| 300 | _a284 p. | ||
| 546 | _aEN | ||
| 942 | _cBK | ||
| 999 |
_c86488 _d86488 |
||